00218nam a2200097 a 4500008004100000050001500041100001700056245002800073246001000101350000900111120416s9999 xx |||||||||||||| || u aTD 174 Mar aMarx, Wesley10aMan and his environment awaste a0.00